=LDR 00000nam 2200000 4500 =001 INLIS000000000048482 =005 20161107093733.0 =006 =007 =008 =020 ##$$a 979-28-1023-3 =035 ##$$0010-111600000000061 =040 ##$$a NBPDMAT =082 ##$$a 510.76 =090 ##$$a 510.76$bAnn p =100 ##$$a Anna Yuni Astuti =245 ##$$a PR matematika untuk SMP/MTs kelas IX $c / Anna Yuni Astuti, Miyanto =260 ##$$a Klaten $b Intan Pariwara $c 2011 =300 ##$$a iv, 140 hlm.. : $b ilus. ; $c 28 cm =500 ##$$a Bibliografi hlm. : 140 =650 ##$$a Matematika SMP - Soal dan Latihan =700 ##$$a Miyanto =850 ##$$a NBPDMAT =990 ##$$a 51600133